La familia que alcanzo a Cristo / (Registro nro. 6855)

Detalles MARC
000 -CABECERA
Campo de control interno 01706nam a2200253Ia 4500
008 - ELEMENTOS DE LONGITUD FIJA - INFORMACIÓN GENERAL
Campo de control de longitud fija 260220t1961||||xx |||||||||||||| ||spa||
040 ## - FUENTE DE CATALOGACIÓN
Agencia de catalogación original PY-SlUNAC
Idioma de catalogación spa
Convenciones de descripción rda
041 ## - CÓDIGO DE IDIOMA
Código de idioma para texto/pista de sonido o título separado spa
082 ## - NÚMERO DE CLASIFICACIÓN DECIMAL DEWEY
Clasificación Decimal Dewey (CDD) 220.6
Clasificación Expansiva de Cutter (EC) R268f
100 ## - ASIENTO PRINCIPAL - NOMBRE PERSONAL
Nombre personal Raymond, M.
Rol del autor Autor
245 #0 - TÍTULO
Título La familia que alcanzo a Cristo /
Mención de responsabilidad por M. Raymond [Autor]
250 ## - MENCIÓN DE EDICIÓN
Mención de edición Tercera edición
264 ## - PIE DE IMPRENTA
Lugar Uruguay :
Editorial Difusión,
Año ℗1961.
300 ## - DESCRIPCIÓN FÍSICA
Páginas 1 volumen
520 ## - NOTA DE RESUMEN
Nota de resumen En "La familia que alcanzó a Cristo", el autor M. Raymond explora la importancia de la fe cristiana en la vida familiar, destacando cómo la espiritualidad puede transformar relaciones y fomentar un ambiente de amor y comprensión. A través de testimonios y narraciones, se presentan diversas experiencias de familias que, a lo largo de su camino espiritual, han enfrentado desafíos y adversidades, pero que, gracias a su compromiso con la fe, han logrado fortalecer sus lazos y alcanzar una conexión más profunda con Dios. El libro enfatiza la necesidad de la oración, la comunicación y el apoyo mutuo entre los miembros de la familia como pilares fundamentales para cultivar una vida cristiana auténtica. Además, se abordan temas como la educación religiosa de los hijos y la importancia de ser un ejemplo de vida cristiana en el hogar. En suma, esta obra invita a los lectores a reflexionar sobre el papel de la fe en la cohesión familiar y en la búsqueda de un propósito espiritual compartido.
653 ## - MATERIA - TÉRMINO TEMÁTICO NO CONTROLADO (PALABRAS CLAVE)
Materia - término temático no controlado (palabras clave) Cristianismo
653 ## - MATERIA - TÉRMINO TEMÁTICO NO CONTROLADO (PALABRAS CLAVE)
Materia - término temático no controlado (palabras clave) Educación religiosa
653 ## - MATERIA - TÉRMINO TEMÁTICO NO CONTROLADO (PALABRAS CLAVE)
Materia - término temático no controlado (palabras clave) Familia
942 ## - ELEMENTOS PERSONALIZADOS (KOHA)
Fecha catalogación 2026/02/17
Tipo de documento Libros
Existencias
Fuente de Clasificacion Colección Ubicacion permanente Biblioteca actual Fecha de Ingreso a la Biblioteca Origen de adquisición Enumeración en serie / cronología Código de ubicación Código de barras Tipo de Item KOHA Nota pública
Dewey Decimal Classification Colección General (CG) Biblioteca e Internet, Facultad de Ciencias Exactas y Naturales Biblioteca e Internet, Facultad de Ciencias Exactas y Naturales 02/20/2026 Donación 3aEd. 220.6 R268f CG215 Libros Material disponible en la Biblioteca e Intenet, Campus UNA, San Lorenzo.